00509nam a2200193 a 4500001001300000003000900013005001700022008004100039020002300080082001900103100002000122245004900142260002900191300000900220500003500229505001000264650002100274700002000295nice12345678IN_TiNIC20260116013320.0050524s1990 boma grp 000 0 eng  a8185026 c59500a750.11955bCAN aCanby, Sheila R aPersian Mastersb Five Centuries of Painting aBombaybMarg Pub. c1990 a144p aincludes index and biblioraphy2 aIndex aPainting-Persian1 aCanby, Sheila R